000 00519nam a22001937a 4500
003 OSt
005 20160616143821.0
008 160616b xxu||||| |||| 00| 0 eng d
020 _a9780723433538
040 _cDNLM.
082 _aQV239S46f 2008.
100 _aSpina, Domenico;
_99420
245 _aFlesh and Bones of Medical Pharmacology.
260 _aEdinburgh.
_bMosby.
_c2008.
300 _a142p;
_bcol,ill;
_c30cm.
504 _aincludes index and Glossary.
650 _aPharmacology.
_9357
942 _2z
_cO_SHELF
999 _c4376
_d4376